Cinta Gadis Februari

Bibliographic Details
Main Author: Illa Shanahila , 1989- (Author)
Corporate Author: Editorial Idea Kreatif (Editor)
Format: Book
Language:Malay
Published: Kajang, Selangor : Idea Kreatif Publication 2021
Subjects:

MARC

LEADER 00000cam a2200000 7i4500
001 0000146331
005 20221102.0
008 221102s2021 my xb f may
020 |a 9789672137979 
040 |a PERPUSTAM   |b eng   |c PERPUSTAM   |e rda 
041 |a may 
090 0 0 |a F   |b ILL 
100 0 |a Illa Shanahila ,   |d 1989- ,   |e author. 
245 1 0 |a Cinta Gadis Februari   |c Penulis: ILLA SHANAHILA ; Editor dan Layout : Editorial Idea Kreatif 
264 1 |a Kajang, Selangor :   |b Idea Kreatif Publication   |c 2021 
300 |a 330 pages ;   |c 19 cm. 
336 |a text  |2 rdacontent 
337 |a unmediated  |2 rdamedia 
338 |a volume  |2 rdacarrier 
650 1 0 |a Malay fiction 
650 2 0 |a Malaysian fiction (Malay) 
710 2 |a Editorial Idea Kreatif   |e editor. 
999 |a 0000739704   |b Buku   |c Rak Terbuka   |e Perbadanan Perpustakaan Awam Melaka 
999 |a 0000739705   |b Buku   |c Rak Terbuka   |e Perbadanan Perpustakaan Awam Melaka 
999 |a 0000739706   |b Buku   |c Rak Terbuka   |e Perbadanan Perpustakaan Awam Melaka 
999 |a 0000739707   |b Buku   |c Rak Terbuka   |e Perpustakaan Cawangan Jasin 
999 |a 0000739708   |b Buku   |c Rak Terbuka   |e Perpustakaan Cawangan Masjid Tanah 
999 |a 0000739709   |b Buku   |c Rak Terbuka   |e Perpustakaan Cawangan Merlimau 
999 |a 0000739710   |b Buku   |c Rak Terbuka   |e Perpustakaan Komuniti UTC Melaka 
999 |a 0000739711   |b Buku   |c Rak Terbuka   |e Perbadanan Perpustakaan Awam Melaka 
999 |a 0000739712   |b Buku   |c Rak Terbuka   |e Perbadanan Perpustakaan Awam Melaka 
999 |a 0000739713   |b Buku   |c Rak Terbuka   |e Perbadanan Perpustakaan Awam Melaka 
999 |a 0000739714   |b Buku   |c Rak Terbuka   |e Perbadanan Perpustakaan Awam Melaka 
999 |a 0000739715   |b Buku   |c Rak Terbuka   |e Perbadanan Perpustakaan Awam Melaka 
999 |a 0000739716   |b Buku   |c Rak Terbuka   |e Perbadanan Perpustakaan Awam Melaka 
999 |a 0000739717   |b Buku   |c Rak Terbuka   |e Perbadanan Perpustakaan Awam Melaka 
999 |a 0000739718   |b Buku   |c Rak Terbuka   |e Perbadanan Perpustakaan Awam Melaka 
999 |a 0000739719   |b Buku   |c Rak Terbuka   |e Perbadanan Perpustakaan Awam Melaka 
999 |a 0000739720   |b Buku   |c Rak Terbuka   |e Perbadanan Perpustakaan Awam Melaka 
999 |a 0000739721   |b Buku   |c Rak Terbuka   |e Perpustakaan Desa Asahan 
999 |a 0000739722   |b Buku   |c Rak Terbuka   |e Perpustkaan Desa Lubuk China 
999 |a 0000739723   |b Buku   |c Rak Terbuka   |e PK Aeon Jaya Jusco 
999 |a 0000739724   |b Buku   |c Rak Terbuka   |e Perbadanan Perpustakaan Awam Melaka 
999 |a 0000739725   |b Buku   |c Rak Terbuka   |e Perbadanan Perpustakaan Awam Melaka